000 01628nam a2200397 i 4500
001 53943
003 KOSZ 005
005 20220913143828.0
008 060524s2004 pl |000 0 pol
015 _aPB 2006/11326
020 _a8372281564
040 _aWA N
_cWA N
_dKOSZ 005/HR
041 1 _apol
_heng
046 _k2004
080 _a341.22
080 _a346.52
080 _a347.728.1
245 0 0 _aMiędzynarodowe Standardy Sprawozdawczości Finansowej (MSSF) 2004 :
_bobejmujące Międzynarodowe Standardy Rachunkowości (MSR) oraz Interpretacje według stanu na dzień 31 marca 2004 r. : kompletny tekst Międzynarodowych Standardów Sprawozdawczości Finansowej obowiązujących na dzień 31 marca 2004 r.
_nT. 2 /
_c[International Accounting Standards Committee Foundation (IASCF)].
260 _a[Warszawa] :
_bStowarzyszenie Księgowych w Polsce,
_ccop. 2004.
300 _a1082 s. ;
_c24 cm.
336 _2rdacontent
_aTekst
_btxt
337 _2rdamedia
_aBez urządzenia pośredniczącego
_bn
338 _2rdacarrier
_aWolumin
_bnc
380 _aKsiążki
388 _a2001-
546 _aTł. z ang.
648 7 _a2001-
650 4 _aMiędzynarodowe Standardy Sprawozdawczości Finansowej (MSSF)
650 4 _aSprawozdawczość finansowa
650 4 _aRachunkowość
658 _aGospodarka, ekonomia, finanse
658 _aPrawo i wymiar sprawiedliwości
710 2 _aStowarzyszenie Księgowych w Polsce
_4pbl.
856 _uhttp://koha.tu.koszalin.pl/cgi-bin/koha/opac-detail.pl?biblionumber=53943
_yKatalog online BPK
942 _2UKD
_cKS
999 _c53943
_d53943